北京市知识测验 交通部分 Beijing city quiz #4 - Statistics

General Stats
  • This quiz has been taken 70 times
  • The average score is 12 of 21
Answer Stats
问题 答案 % Correct
北京地铁1~11号线中最迟通车的线路是(需要写“号线”二字) 3号线
95%
北京东/西/南/北站四个车站中,哪个车站仅运营市郊铁路客运? 北京东站
88%
1路/夜1路公交车经过的主要东西向街道 长安街(石景山路/复兴路/建国路/京通快速路)
85%
大兴机场线的市区端终点(截至2024年,北延段开通前) 草桥
78%
2021年与地铁1号线实现贯通运营的线路 八通线
74%
中国国家铁道试验中心(东郊分院)的试验铁路线形状 圆环
66%
“哎哟刹不住车了嘿,现在人追着车跑嘿”说的是哪条线路? 西郊线
65%
京张高铁清河站紧邻的高速公路 京新高速
63%
首都机场线的市区端终点 北新桥
63%
一度因为路线盘绕似“中国结”、经常堵车而闻名的立交桥 西直门桥
57%
由于施工迟缓严重拖延地铁14/16号线开通进度的地铁站 丽泽商务区
55%
建成16年后于2024年10月开通的京津城际铁路火车站 亦庄站
54%
“西_ _ _ _东|忧伤的早高峰|感叹你的双脚|也差不多悬空”(出自北京地铁音MAD BV1Ts411X76L) 西{二旗四惠}东
52%
中国最深的地下高铁站 八达岭长城站
52%
“中国公路零公里点”标志所在位置(或最靠近的地铁站) 正阳门(前门)
49%
詹天佑设计的“人”字形铁路所在的火车站 青龙桥站
49%
上述车站运营的市郊铁路全称是 北京市郊铁路{城市副中心}线
45%
因2023.7.31暴雨被困落坡岭站的K396次列车当时所在铁路线 丰沙铁路
38%
北京地铁S1线的线路类型 (中低速)磁浮
34%
国道“北京环线公路”的编号 G{112}
26%
来到首都国际机场乘坐国际航班的旅客,需乘坐机场旅客捷运系统到哪个站下车,才能到达目标航站楼区域? T3E站
23%
No matching quizzes found
Score Distribution
Percent of People with Each Score
Percentile by Number Answered
Your Score History
You have not taken this quiz